000 00784nam a22001577a 4500
003 OSt
005 20151001155236.0
008 151001b xxu||||| |||| 00| 0 eng d
040 _cRUA
082 _aAGR LON 2012 B050 Or.1
100 _91698
_aLONG, MAKARA
245 _aComparison of green mustard variities under raining season condition on crop station of royal university of agriculture, ប្រៀបធៀបពូជដំណាំស្ពៃខៀវក្នុងលក្ខខណ្ឌដើមរដូវវស្សា នៅស្ថានីយ៍ពិសោធន៍ដំណាំនៃសាកលវិ៍ទ្យាល័យភូមិន្ទកសិកម្ម
260 _aPhnom Penh
_bRUA
_c2012
300 _av; 40p.
_bill.
_c29cm.
942 _2ddc
_cAGR
999 _c1601
_d1601